| 000 | 00625nam a2200193Ia 4500 | ||
|---|---|---|---|
| 005 | 20250508164823.0 | ||
| 008 | 008 250505s9999 xx 000 0 hin d | ||
| 037 | _aDissertations | ||
| 040 |
_aFEDL _beng _cFEDL |
||
| 041 |
_ahin _2eng |
||
| 084 |
_a371, MAH/DI _qFEDL |
||
| 100 | _aMahender Kumar | ||
| 245 | 0 | _aUcch prathmik shiksha grahan karne me badhir vidhyarthiyo ke liye addhyakpako dwara prayukt shikshan-vidhiyo avam sadhno ka vishleshan | |
| 260 | _c1999 | ||
| 300 | _a144p. | ||
| 546 | _aM. Phil. Dissertation (Delhi University) | ||
| 942 |
_cDIS _h371, MAH/DI |
||
| 999 |
_c1391395 _d1391395 |
||